[Event "Wch U16"]
[Site "Montesilvano"]
[Date "2023.11.24"]
[Round "11"]
[White "Chen, Jonathan"]
[Black "Jodorcovsky, Alejandro David"]
[Result "1-0"]
[WhiteElo "2202"]
[BlackElo "2040"]
[PlyCount "72"]
[EventDate "2023.11.13"]
[EventType "swiss"]
[EventRounds "11"]
[EventCountry "ITA"]
[SourceTitle "CB48_2023"]
[SourceDate "2023.11.29"]
[SourceVersion "1"]
[SourceVersionDate "2023.11.29"]
[SourceQuality "1"]

1. d4 f5 2. Nc3 Nf6 3. Bg5 d5 4. Bxf6 exf6 5. e3 Be6 6. Bd3 g6 7. Qf3 c6 8. Nge2 Bf7 9. h4 h5 10. a3 Nd7 11. Nf4 Bd6 12. g3 Qe7 13. Kf1 Kf8 14. Qg2 Kg7 15. a4 Rhe8 16. Nce2 Bc7 17. c3 Nb6 18. b3 Nc8 19. Kg1 Nd6 20. Qf1 a5 21. Qc1 b5 22. Qa3 Bb6 23. Kg2 Qd7 24. Rac1 Rec8 25. Rc2 c5 26. Bxb5 Nxb5 27. axb5 Qxb5 28. Rd1 Rab8 29. Rb2 cxd4 30. Nxd4 Bxd4 31. cxd4 Rc3 32. Ra1 Ra8 33. Qe7 Ra6 34. Rba2 Rxb3 35. Rc1 Rb1 36. Rxa5 Qxa5 1-0

[Event "Florianopolis op 9th"]
[Site "Florianopolis"]
[Date "2023.01.26"]
[Round "5"]
[White "Jodorcovsky, Alejandro David"]
[Black "Medeiros, Francisco de Assis"]
[Result "1/2-1/2"]
[WhiteElo "1808"]
[BlackElo "2071"]
[PlyCount "77"]
[EventDate "2023.01.23"]
[EventType "swiss"]
[EventRounds "10"]
[EventCountry "BRA"]
[SourceTitle "CBM 212 Extra"]
[Source "ChessBase"]
[SourceDate "2023.03.31"]
[SourceVersion "1"]
[SourceVersionDate "2023.03.31"]
[SourceQuality "1"]

1. e4 c6 2. d4 d5 3. exd5 cxd5 4. Bd3 Nf6 5. c3 Qc7 6. Ne2 Bg4 7. 0-0 e6 8. Bf4 Bd6 9. Qd2 Bh5 10. Na3 a6 11. c4 Bxe2 12. Bxd6 Qxd6 13. c5 Qc7 14. Qxe2 Nc6 15. Nc2 0-0 16. f4 a5 17. g4 Nxd4 18. Nxd4 Qxc5 19. Qf2 Nxg4 20. Nb3 Qxf2+ 21. Rxf2 Nxf2 22. Kxf2 Rfc8 23. a4 Kf8 24. Nd4 Ke7 25. Re1 Kf6 26. Ke3 Re8 27. Nf3 h6 28. Kd4 Rac8 29. Ne5 Rc7 30. Rf1 g6 31. h4 h5 32. Ke3 Rec8 33. Kd2 Ke7 34. Re1 Kd6 35. Rd1 Kc5 36. Bc2 Kd6 37. Bd3 Ke7 38. Re1 Kd6 39. Rd1 1/2-1/2

[Event "Florianopolis op 9th"]
[Site "Florianopolis"]
[Date "2023.01.24"]
[Round "2"]
[White "Jodorcovsky, Alejandro David"]
[Black "Silveira, Leonardo Eleuterio"]
[Result "1-0"]
[WhiteElo "1808"]
[BlackElo "2124"]
[PlyCount "103"]
[EventDate "2023.01.23"]
[EventType "swiss"]
[EventRounds "10"]
[EventCountry "BRA"]
[SourceTitle "CBM 212 Extra"]
[Source "ChessBase"]
[SourceDate "2023.03.31"]
[SourceVersion "1"]
[SourceVersionDate "2023.03.31"]
[SourceQuality "1"]

1. e4 g6 2. Nc3 Bg7 3. f4 d6 4. Nf3 Nf6 5. g3 0-0 6. Bg2 c5 7. d3 Nc6 8. 0-0 a6 9. h3 Rb8 10. g4 b5 11. Be3 a5 12. Qe1 b4 13. Ne2 a4 14. Qh4 a3 15. b3 Ne8 16. f5 e5 17. Bg5 f6 18. Be3 g5 19. Qf2 Nd4 20. Rac1 Nc7 21. c4 bxc3 22. Nxc3 Bb7 23. Rfd1 Rf7 24. Nd2 Bc6 25. Bxd4 exd4 26. Ncb1 Nb5 27. e5 Bxg2 28. e6 Rc7 29. Qxg2 Bf8 30. Qd5 Be7 31. Ne4 Kg7 32. h4 h6 33. Kf2 Rcc8 34. hxg5 hxg5 35. Ng3 Nc7 36. Qf3 d5 37. Rh1 Qd6 38. Nh5+ Kf8 39. Qh3 Ke8 40. Ng7+ Kd8 41. Qh8+ Bf8 42. Kg2 Rb7 43. Nh5 Ne8 44. Rhe1 Be7 45. Ng3 c4 46. dxc4 dxc4 47. Red1 Bf8 48. Ne4 Qd5 49. Nbc3 Qe5 50. b4 Bg7 51. Qh2 Qxh2+ 52. Kxh2 1-0

[Event "Florianopolis op 9th"]
[Site "Florianopolis"]
[Date "2023.01.24"]
[Round "3"]
[White "Jodorcovsky, Alejandro David"]
[Black "Volkmann, Andre Jordi"]
[Result "1/2-1/2"]
[WhiteElo "1808"]
[BlackElo "2129"]
[PlyCount "106"]
[EventDate "2023.01.23"]
[EventType "swiss"]
[EventRounds "10"]
[EventCountry "BRA"]
[SourceTitle "CBM 212 Extra"]
[Source "ChessBase"]
[SourceDate "2023.03.31"]
[SourceVersion "1"]
[SourceVersionDate "2023.03.31"]
[SourceQuality "1"]

1. e4 c6 2. d4 d5 3. exd5 cxd5 4. Bd3 Nc6 5. c3 Nf6 6. Bf4 Bg4 7. Qb3 Na5 8. Qa4+ Bd7 9. Qd1 Qb6 10. Qe2 Rc8 11. Nf3 e6 12. Ne5 Bd6 13. Nxd7 Nxd7 14. Bxd6 Qxd6 15. Nd2 0-0 16. 0-0 a6 17. f4 b5 18. Rf3 g6 19. a3 Nc4 20. Nf1 f5 21. Ng3 Nf6 22. b3 Na5 23. Qb2 Ne4 24. Ne2 Rc7 25. b4 Nc4 26. Bxc4 Rxc4 27. a4 a5 28. axb5 axb4 29. Ra6 bxc3 30. Rxc3 Rb4 31. Rb3 Rxb3 32. Qxb3 Qd7 33. Qa4 Nd6 34. Nc3 Nc4 35. Qb4 Qc7 36. g3 Rc8 37. Rc6 Qb7 38. Qc5 Rxc6 39. bxc6 Qc7 40. Na2 Na5 41. Nb4 Kg7 42. Kg2 Kh6 43. Kh3 Kh5 44. Qc2 Nc4 45. Qe2+ Kh6 46. Qxe6 Qa5 47. Qe7 Ne3 48. Qg5+ Kg7 49. Qe7+ Kh6 50. c7 Qa1 51. Qxe3 Qf1+ 52. Kh4 Qd1 53. Kh3 Qf1+ 1/2-1/2

[Event "Ita op 1st"]
[Site "Ita"]
[Date "2022.02.13"]
[Round "7"]
[White "Miranda Fernandez, Marcos Manuel"]
[Black "Jodorcovsky, Alejandro David"]
[Result "1/2-1/2"]
[WhiteElo "1603"]
[BlackElo "1813"]
[PlyCount "52"]
[EventDate "2022.02.11"]
[EventType "swiss"]
[EventRounds "7"]
[EventCountry "PAR"]
[SourceTitle "EXT 2023"]
[Source "ChessBase"]
[SourceDate "2022.10.05"]
[SourceVersion "1"]
[SourceVersionDate "2022.10.05"]
[SourceQuality "1"]

1. e4 e5 2. d3 Nf6 3. Nf3 Nc6 4. g3 d5 5. Nbd2 Bg4 6. Bg2 Qd7 7. 0-0 0-0-0 8. Re1 dxe4 9. dxe4 h6 10. c3 Bh3 11. Qe2 h5 12. Nc4 Qg4 13. Nfxe5 Nxe5 14. Nxe5 Qe6 15. Qc4 Bd6 16. Qxe6+ Bxe6 17. Nf3 Ng4 18. h3 Ne5 19. Nxe5 Bxe5 20. f4 Bd6 21. Be3 f6 22. Rad1 a6 23. b3 Be7 24. Bd4 c5 25. Be3 Rxd1 26. Rxd1 Rd8 1/2-1/2

[Event "Ita op 1st"]
[Site "Ita"]
[Date "2022.02.12"]
[Round "2"]
[White "Rejala Gomez, Ruben Ignacio"]
[Black "Jodorcovsky, Alejandro David"]
[Result "0-1"]
[WhiteElo "1303"]
[BlackElo "1813"]
[PlyCount "62"]
[EventDate "2022.02.11"]
[EventType "swiss"]
[EventRounds "7"]
[EventCountry "PAR"]
[SourceTitle "EXT 2023"]
[Source "ChessBase"]
[SourceDate "2022.10.05"]
[SourceVersion "1"]
[SourceVersionDate "2022.10.05"]
[SourceQuality "1"]

1. d4 f5 2. c4 Nf6 3. Nc3 e6 4. g3 Be7 5. Bg2 0-0 6. Nf3 d6 7. 0-0 Qe8 8. Bg5 Nbd7 9. Qc2 Qg6 10. Rfe1 e5 11. dxe5 Nxe5 12. Bxf6 Bxf6 13. Rad1 c6 14. Rxd6 Nxc4 15. Qb3 Qf7 16. Rdd1 Be6 17. Qc2 Rad8 18. b3 Nb6 19. Na4 Nxa4 20. bxa4 Bxa2 21. Rxd8 Bxd8 22. Ne5 Qe6 23. f4 Ba5 24. Ra1 Bb3 25. Qb1 Rd8 26. Qb2 Rd2 27. Qa3 Rxe2 28. Rb1 Bb6+ 29. Kh1 Bd5 30. Bxd5 Qxd5+ 31. Qf3 Rxe5 0-1

[Event "South America-ch U12 16th"]
[Site "Buenos Aires"]
[Date "2019.12.02"]
[Round "2.9"]
[White "Calvo Garavito, David Antonio"]
[Black "Jodorcovsky, Alejandro David"]
[Result "0-1"]
[WhiteElo "1431"]
[BlackElo "1674"]
[PlyCount "104"]
[EventDate "2019.12.01"]
[EventType "swiss"]
[EventRounds "9"]
[EventCountry "ARG"]
[SourceTitle "EXT 2024"]
[Source "ChessBase"]
[SourceDate "2023.10.10"]
[SourceVersion "1"]
[SourceVersionDate "2023.10.10"]
[SourceQuality "1"]

1. e4 e5 2. Nf3 Nc6 3. Bb5 a6 4. Ba4 Nf6 5. d3 b5 6. Bb3 Be7 7. c3 0-0 8. 0-0 Kh8 9. Be3 d5 10. exd5 Nxd5 11. Qe2 Bg4 12. h3 Bh5 13. g4 Bg6 14. d4 e4 15. Nh2 f5 16. f4 Nxe3 17. Qxe3 Bd6 18. g5 Na5 19. Bd1 Nc4 20. Qe2 Bxf4 21. h4 Bd6 22. b3 Nb6 23. Nd2 Nd5 24. Rc1 Nf4 25. Qe3 Nd3 26. Rc2 Qd7 27. h5 f4 28. Qe2 f3 29. Ndxf3 exf3 30. Rxf3 Rxf3 31. Qxf3 Rf8 32. Qe3 Bf4 33. Qe2 Re8 34. Qg4 Re1+ 35. Kg2 Be4+ 36. Bf3 Qxg4+ 37. Nxg4 Bxf3+ 38. Kxf3 Rg1 39. Re2 Rg3+ 40. Ke4 Rxg4 41. Kxd3 Kg8 42. Re4 Rg3+ 43. Kc2 Bd6 44. h6 Rxg5 45. hxg7 Kxg7 46. c4 Rg2+ 47. Kb1 Ba3 48. c5 Rb2+ 49. Ka1 Rc2 50. Re1 Rc1+ 51. Rxc1 Bxc1 52. Kb1 Be3 0-1

[Event "South America-ch U12 16th"]
[Site "Buenos Aires"]
[Date "2019.12.02"]
[Round "3.3"]
[White "Jodorcovsky, Alejandro David"]
[Black "Frutos Moreno, Carlos Manuel"]
[Result "1/2-1/2"]
[WhiteElo "1674"]
[BlackElo "1569"]
[PlyCount "125"]
[EventDate "2019.12.01"]
[EventType "swiss"]
[EventRounds "9"]
[EventCountry "ARG"]
[SourceTitle "EXT 2024"]
[Source "ChessBase"]
[SourceDate "2023.10.10"]
[SourceVersion "1"]
[SourceVersionDate "2023.10.10"]
[SourceQuality "1"]

1. f4 Nf6 2. Nf3 d6 3. d3 g6 4. e3 Bg7 5. Be2 Nc6 6. Nc3 Bg4 7. 0-0 0-0 8. h3 Bxf3 9. Bxf3 d5 10. Ne2 e5 11. fxe5 Nxe5 12. Nf4 c6 13. Be2 Qe7 14. Qe1 h6 15. Qg3 g5 16. Nh5 Nxh5 17. Bxh5 Ng6 18. Rb1 Qe5 19. Qf2 Rae8 20. Bd2 b6 21. d4 Qe7 22. Rbe1 Kh7 23. Qf5 Qe6 24. Bb4 Rg8 25. Qxf7 Qxf7 26. Rxf7 a5 27. Bc3 Re6 28. Bg4 Re7 29. Rxe7 Nxe7 30. e4 Rf8 31. e5 Kg6 32. Rf1 Rxf1+ 33. Kxf1 Nf5 34. Kf2 h5 35. Bxf5+ Kxf5 36. Ke3 a4 37. b3 axb3 38. cxb3 c5 39. a4 Bf8 40. g3 g4 41. h4 Ke6 42. Kd3 Kd7 43. a5 bxa5 44. Bxa5 Kc6 45. Bd8 cxd4 46. Bf6 Bc5 47. Bd8 Kd7 48. Bg5 Ke6 49. Bf4 Kf5 50. Ke2 Ke4 51. Kd1 Bb4 52. Bd2 Bxd2 53. Kxd2 Kxe5 54. Kd3 Kd6 55. Kxd4 Kc6 56. b4 Kb5 57. Kxd5 Kxb4 58. Kd4 Kb5 59. Kd3 Kc5 60. Kc3 Kd5 61. Kd3 Kc5 62. Kc3 Kd5 63. Kd3 1/2-1/2

[Event "Pan American-ch School U13"]
[Site "Medellin"]
[Date "2019.11.16"]
[Round "8"]
[White "Jodorcovsky, Alejandro David"]
[Black "Gonzalez Perez, Juan Pablo"]
[Result "1-0"]
[WhiteElo "1698"]
[BlackElo "1515"]
[PlyCount "77"]
[EventDate "2019.11.12"]
[EventType "swiss"]
[EventRounds "9"]
[EventCountry "COL"]
[SourceTitle "CBM 193 Extra"]
[Source "ChessBase"]
[SourceDate "2020.01.31"]
[SourceVersion "1"]
[SourceVersionDate "2020.01.31"]
[SourceQuality "1"]

1. e4 c5 2. Nc3 a6 3. f4 e6 4. Nf3 d5 5. d3 Nc6 6. g3 Nf6 7. exd5 exd5 8. Bg2 Be7 9. 0-0 0-0 10. h3 h6 11. g4 b5 12. Kh1 Bb7 13. a3 Qc7 14. g5 Nh5 15. Nxd5 Qd6 16. Nxe7+ Nxe7 17. Re1 Nf5 18. Ne5 Bxg2+ 19. Kxg2 Qd5+ 20. Kh2 Qd4 21. Qf3 Nh4 22. Qe3 Qxe3 23. Bxe3 f6 24. gxf6 gxf6 25. Rg1+ Kh7 26. Rg4 fxe5 27. Rxh4 Nxf4 28. Rf1 Rae8 29. Bxc5 Rg8 30. Rg4 Rxg4 31. hxg4 Rc8 32. b4 Ne6 33. Rf7+ Kg8 34. Rf6 Nxc5 35. bxc5 Rxc5 36. Rxh6 Rxc2+ 37. Kg3 Rc3 38. Rxa6 Rxd3+ 39. Kh4 1-0

[Event "Pan American-ch School U13"]
[Site "Medellin"]
[Date "2019.11.15"]
[Round "6"]
[White "Jodorcovsky, Alejandro David"]
[Black "Luligo Bejarano, Luis Angel"]
[Result "1-0"]
[WhiteElo "1698"]
[BlackElo "1465"]
[PlyCount "102"]
[EventDate "2019.11.12"]
[EventType "swiss"]
[EventRounds "9"]
[EventCountry "COL"]
[SourceTitle "CBM 193 Extra"]
[Source "ChessBase"]
[SourceDate "2020.01.31"]
[SourceVersion "1"]
[SourceVersionDate "2020.01.31"]
[SourceQuality "1"]

1. f4 d6 2. Nf3 c5 3. d3 Nc6 4. e3 e6 5. Be2 Nge7 6. 0-0 g6 7. c3 Bg7 8. e4 0-0 9. Qe1 f5 10. Be3 b5 11. Nbd2 b4 12. Rc1 bxc3 13. bxc3 fxe4 14. dxe4 Rb8 15. Nb3 Qc7 16. g4 Bb7 17. Qh4 Nd8 18. c4 Nf7 19. Bd3 Rbd8 20. h3 Nc6 21. Bb1 a5 22. f5 exf5 23. exf5 Nce5 24. Nbd2 Nxf3+ 25. Nxf3 Bxf3 26. Rxf3 Ne5 27. Rff1 Qb7 28. fxg6 Rxf1+ 29. Rxf1 Nf3+ 30. Rxf3 Qxf3 31. Qxd8+ Bf8 32. gxh7+ Kh8 33. Qg5 Qg3+ 34. Kf1 Qxh3+ 35. Ke2 Qh2+ 36. Bf2 Qe5+ 37. Qxe5+ dxe5 38. Bh4 Bg7 39. Be4 a4 40. a3 Bf8 41. g5 Bh6 42. Bg3 Bg7 43. g6 Bf6 44. Bf2 Be7 45. Be3 Bf8 46. Bg5 Bh6 47. Bf6+ Bg7 48. Bxg7+ Kxg7 49. Bc6 e4 50. Bxa4 e3 51. Be8 Kh8 1-0

[Event "Pan American-ch School U13"]
[Site "Medellin"]
[Date "2019.11.14"]
[Round "5"]
[White "Velasquez Cristancho, Juan Pablo"]
[Black "Jodorcovsky, Alejandro David"]
[Result "1-0"]
[WhiteElo "1814"]
[BlackElo "1698"]
[PlyCount "49"]
[EventDate "2019.11.12"]
[EventType "swiss"]
[EventRounds "9"]
[EventCountry "COL"]
[SourceTitle "CBM 193 Extra"]
[Source "ChessBase"]
[SourceDate "2020.01.31"]
[SourceVersion "1"]
[SourceVersionDate "2020.01.31"]
[SourceQuality "1"]

1. e4 e5 2. Nf3 Nc6 3. d4 exd4 4. Nxd4 Qf6 5. Nb3 b6 6. a3 Bb7 7. Nc3 0-0-0 8. Be3 Bd6 9. Qd2 Nge7 10. f4 Qh4+ 11. g3 Qh5 12. Be2 Qh3 13. 0-0-0 f6 14. Nb5 Qe6 15. Bf3 Bc5 16. Bxc5 bxc5 17. Nxc5 Qc4 18. Nxb7 Kxb7 19. Nc3 d6 20. Qd3 Qxd3 21. Rxd3 g5 22. Nd5 Ng6 23. Rb3+ Kc8 24. Bg4+ Rd7 25. Nxf6 1-0

[Event "PAR-ch sf"]
[Site "Asuncion"]
[Date "2019.09.11"]
[Round "8"]
[White "Mayeregger, Arnold"]
[Black "Jodorcovsky, Alejandro David"]
[Result "1-0"]
[WhiteElo "2035"]
[BlackElo "1691"]
[PlyCount "63"]
[EventDate "2019.09.06"]
[EventType "swiss"]
[EventRounds "9"]
[EventCountry "PAR"]
[SourceTitle "EXT 2020"]
[Source "ChessBase"]
[SourceDate "2019.10.17"]
[SourceVersion "1"]
[SourceVersionDate "2019.10.17"]
[SourceQuality "1"]

1. d4 f5 2. Nc3 Nf6 3. Bg5 d5 4. Bxf6 exf6 5. e3 Be6 6. Bd3 Qd7 7. Qf3 c6 8. Nge2 Bd6 9. h4 g6 10. Nf4 Bf7 11. h5 g5 12. Nfe2 g4 13. Qxf5 Be6 14. Qxf6 Rf8 15. Qh4 Qg7 16. 0-0-0 Na6 17. Nf4 Rxf4 18. exf4 Bxf4+ 19. Kb1 Nb4 20. h6 Qg8 21. Qh5+ Kd7 22. Ne2 Nxd3 23. Rxd3 Bg5 24. f4 Bf6 25. Rg3 Re8 26. Nc1 Bxd4 27. f5 Bf7 28. Qxg4 Qxg4 29. Rxg4 Bf6 30. Nd3 b6 31. Re1 Rxe1+ 32. Nxe1 1-0

[Event "PAR-ch sf"]
[Site "Asuncion"]
[Date "2019.09.07"]
[Round "2"]
[White "Jodorcovsky Werjivker, Paulo"]
[Black "Jodorcovsky, Alejandro David"]
[Result "1-0"]
[WhiteElo "2207"]
[BlackElo "1691"]
[PlyCount "67"]
[EventDate "2019.09.06"]
[EventType "swiss"]
[EventRounds "9"]
[EventCountry "PAR"]
[SourceTitle "EXT 2020"]
[Source "ChessBase"]
[SourceDate "2019.10.17"]
[SourceVersion "1"]
[SourceVersionDate "2019.10.17"]
[SourceQuality "1"]

1. d4 f5 2. Nc3 Nf6 3. Bg5 g6 4. h4 h6 5. Bxf6 exf6 6. e3 d5 7. Bd3 Be6 8. g4 Qd7 9. gxf5 Bxf5 10. Qf3 c6 11. h5 Bxd3 12. cxd3 Qf5 13. Qxf5 gxf5 14. Nf3 Rg8 15. Nh4 Rg5 16. f4 Rg3 17. Kf2 Rg8 18. Nxf5 Na6 19. Rag1 Rxg1 20. Rxg1 Kf7 21. a3 Ke6 22. e4 dxe4 23. dxe4 Nc7 24. Rg6 Rd8 25. Ne2 c5 26. Kf3 Nb5 27. d5+ Kf7 28. a4 Nd6 29. Nxd6+ Rxd6 30. Nc3 Rb6 31. Rg2 c4 32. e5 Bb4 33. e6+ Kf8 34. Ke4 1-0

[Event "Pan American-ch U12"]
[Site "Guayaquil"]
[Date "2019.07.22"]
[Round "2"]
[White "Jodorcovsky, Alejandro David"]
[Black "Puchuri Torres, Joseph Ricardo"]
[Result "1-0"]
[WhiteElo "1709"]
[BlackElo "1300"]
[PlyCount "49"]
[EventDate "2019.07.21"]
[EventType "swiss"]
[EventRounds "9"]
[EventCountry "ECU"]
[SourceTitle "EXT 2020"]
[Source "ChessBase"]
[SourceDate "2019.10.17"]
[SourceVersion "1"]
[SourceVersionDate "2019.10.17"]
[SourceQuality "1"]

1. e4 c5 2. Nc3 d6 3. f4 Nf6 4. Nf3 g6 5. Bb5+ Nbd7 6. d3 a6 7. Ba4 b5 8. Bb3 Bg7 9. 0-0 0-0 10. Qe1 Nb6 11. a3 Qc7 12. Ba2 Bd7 13. Kh1 b4 14. Nb1 a5 15. Qh4 a4 16. f5 e6 17. Bh6 d5 18. e5 Nh5 19. Bxg7 Nxg7 20. f6 Nf5 21. Qf4 d4 22. g4 Ne3 23. Qh6 Nf5 24. gxf5 gxf5 25. Qg7# 1-0

[Event "PAR-ch U12"]
[Site "Asuncion"]
[Date "2019.02.09"]
[Round "9.1"]
[White "Jodorcovsky, Alejandro David"]
[Black "Franco Franchi, Renato"]
[Result "1-0"]
[WhiteElo "1691"]
[BlackElo "1095"]
[PlyCount "80"]
[EventDate "2019.02.04"]
[EventType "tourn"]
[EventRounds "9"]
[EventCountry "PAR"]
[SourceTitle "EXT 2023"]
[Source "ChessBase"]
[SourceDate "2022.10.05"]
[SourceVersion "1"]
[SourceVersionDate "2022.10.05"]
[SourceQuality "1"]

1. f4 d5 2. d3 Nf6 3. Nf3 e6 4. g3 Bd6 5. Bg2 0-0 6. 0-0 Nc6 7. Nc3 Rb8 8. Kh1 b5 9. Qe1 Bb4 10. Bd2 Bxc3 11. Bxc3 Bb7 12. h3 d4 13. Bd2 Ne7 14. e4 dxe3 15. Bxe3 a6 16. g4 Ned5 17. Bd2 Qd6 18. Qh4 h6 19. g5 hxg5 20. Qxg5 Nh7 21. Qg3 Qc6 22. c3 Rbd8 23. d4 Qd6 24. Ne5 Ba8 25. Rg1 Ndf6 26. Bxa8 Nh5 27. Qf3 Rxa8 28. Qxh5 Qd5+ 29. Kh2 f6 30. Qg4 g5 31. Nf3 Qe4 32. Rae1 f5 33. Rxe4 fxg4 34. Rxg4 Nf6 35. Rxg5+ Kf7 36. Ne5+ Ke8 37. Re2 Nd5 38. Ng6 Rg8 39. f5 Kf7 40. fxe6+ Kf6 1-0

[Event "PAR-ch U12"]
[Site "Asuncion"]
[Date "2019.02.08"]
[Round "8.3"]
[White "Zorrilla Videla, Maria Valentina"]
[Black "Jodorcovsky, Alejandro David"]
[Result "0-1"]
[WhiteElo "1200"]
[BlackElo "1691"]
[PlyCount "58"]
[EventDate "2019.02.04"]
[EventType "tourn"]
[EventRounds "9"]
[EventCountry "PAR"]
[SourceTitle "EXT 2023"]
[Source "ChessBase"]
[SourceDate "2022.10.05"]
[SourceVersion "1"]
[SourceVersionDate "2022.10.05"]
[SourceQuality "1"]

1. e4 e5 2. Nf3 Nc6 3. d4 exd4 4. Nxd4 Bc5 5. Nb3 Bb6 6. Nc3 Qf6 7. Qe2 Nge7 8. Bd2 d6 9. 0-0-0 Qxf2 10. Qd3 Ne5 11. Qb5+ Bd7 12. Qb4 a5 13. Qa3 0-0 14. g3 a4 15. Na1 Bc5 16. b4 axb3 17. Qxb3 Bg4 18. Re1 Ba3+ 19. Kb1 Qxd2 20. Bb5 Be6 21. Nd5 Nxd5 22. exd5 Bxd5 23. c4 Bxh1 24. Rxh1 c6 25. Ba4 Rxa4 26. Nc2 Rfa8 27. Re1 Rb4 28. Nxb4 Qxe1+ 29. Kc2 Qc1# 0-1

[Event "Florianopolis op 5th"]
[Site "Florianopolis"]
[Date "2019.01.25"]
[Round "7"]
[White "Jodorcovsky, Alejandro David"]
[Black "Jardim, Tamiris Salvador"]
[Result "1-0"]
[WhiteElo "1577"]
[BlackElo "1253"]
[PlyCount "93"]
[EventDate "2019.01.21"]
[EventType "swiss"]
[EventRounds "10"]
[EventCountry "BRA"]
[SourceTitle "CBM 188 Extra"]
[Source "ChessBase"]
[SourceDate "2019.02.26"]
[SourceVersion "1"]
[SourceVersionDate "2019.02.26"]
[SourceQuality "1"]

1. e4 c5 2. Nc3 e6 3. f4 d6 4. Nf3 a6 5. g3 Qc7 6. Bg2 Nd7 7. 0-0 Be7 8. d3 Ngf6 9. h3 0-0 10. g4 Rb8 11. Qe1 b5 12. Qg3 Bb7 13. f5 exf5 14. exf5 Rfe8 15. Bf4 Qb6 16. Kh2 Rbd8 17. Rae1 Bf8 18. Rxe8 Rxe8 19. Re1 Rxe1 20. Qxe1 h6 21. Ne4 d5 22. Nxf6+ Nxf6 23. Ne5 Bd6 24. Qg3 Qc7 25. Ng6 Bxf4 26. Qxf4 Qxf4+ 27. Nxf4 c4 28. dxc4 bxc4 29. Kg3 Kf8 30. Kf2 Ke7 31. Ke3 Kd6 32. b3 Kc5 33. c3 Ne4 34. Bxe4 dxe4 35. b4+ Kb5 36. Kd4 Bc6 37. Nh5 g6 38. fxg6 fxg6 39. Nf6 e3 40. Kxe3 Ka4 41. Kd4 Bb5 42. h4 Ka3 43. Ng8 h5 44. gxh5 gxh5 45. Nf6 Kxa2 46. Nxh5 Kb3 47. Nf6 1-0